000 00951nam0a22002891 4500
001 v19\rc\1668997
005 20250619012817.0
035 _a(NLR Aleph) 004776932
090 _a4655885
_c4655885
100 _a20061002d1892 |||y0rusy50 ca
101 0 _arus
102 _aRU
105 _ay z |||a|
200 1 _aТушинский вор
_eПовесть из времен осады Троице-Сергиев. лавры в 1608-1609 гг.
_fК. Эриванский
210 _aСанкт-Петербург
_cТ.Ф. Кузин
_d1892
215 _a96 с.
_d18
300 _aПродолж.: повесть "Погром"
300 _aНа обл. авт. не указан
700 1 _aЭриванский
_bК.
801 0 _aRU
_bNLR
_gpsbo
801 0 _aRU
_bRuMoRGB
_2psbo
801 1 _aRU
_bProSoft-M
_2rusmarc
852 _aNLR
_j18.207.6.266
852 _aNLR
_j128/4807
899 _aRuMoRGB
_jA 171/1109
942 _cBOOK
980 _aNB